| 000 | 01003nam a22002537a 4500 | ||
|---|---|---|---|
| 005 | 20120521114915.0 | ||
| 008 | 120521t xxu||||| |||| 00| 0 eng d | ||
| 010 | _aENG-105367 | ||
| 020 |
_a9788124605271 _c190.00 |
||
| 020 |
_a8124605270 _c190.00 |
||
| 035 | _aEN-88900 | ||
| 037 | _bDBAD/PUB | ||
| 040 |
_aDPL _bEng |
||
| 082 | _a220.24 | ||
| 100 |
_947159 _aPuligandla, Ramakrishna |
||
| 245 |
_aThat thou art : _cby Ramakrishna Puligandla _bthe wisdom of the Upanisads / |
||
| 260 |
_aNew Delhi _bD.K. Printworld _c2009 |
||
| 270 |
_a'Srikunj', F-52, Bali Nagar, Ramesh Nagar Metro Station _bNew Delhi _e110015 |
||
| 300 |
_axvi,146p. _c22cm(pbk) |
||
| 500 | _aIncludes bibliographical references (p. [135]-141) and index. | ||
| 650 |
_aUpanisads _xCriticism, interpretation, etc. _947555 |
||
| 942 |
_2ddc _cEN _h220.24 _mPUL |
||
| 999 |
_c66943 _d66943 |
||